| 000 | 00389nam a2200109Ia 4500 | ||
|---|---|---|---|
| 008 | 171204s9999 xx 000 0 und d | ||
| 245 | 2 | _aA Journey through Manufacturing and Supply Chain Strategy Research: | |
| 245 | _cEmilio Bartezzaghi, Federico Caniato, and Raffaella Cagliano | ||
| 260 | _c2016 | ||
| 650 | _xBUSINESS RESEARCH | ||
| 856 | _uhttp://down.ebook777.com/046/9783319311036.pdf | ||
| 999 |
_c346946 _d346946 |
||